Mostra-me teu rosto: a camino da intimidade com Deus
Gardado en:
| Autor Principal: | |
|---|---|
| Formato: | Libro |
| Idioma: | portugués |
| Publicado: |
Sao Paulo
Ediciones Paulinas
1975
|
| Edición: | 1a. ed |
| Subjects: | |
| Tags: |
Engadir etiqueta
Sen Etiquetas, Sexa o primeiro en etiquetar este rexistro!
|
MARC
| LEADER | 00000cam a2200000 a 4500 | ||
|---|---|---|---|
| 001 | UCD0638 | ||
| 003 | CL-VaPUC | ||
| 008 | 151204e19750000bl |||||||||||||||||por|d | ||
| 082 | 0 | 4 | |a 248.4 |b LAR |2 21 |
| 100 | |a Larrañaga, Ignacio |e author |9 601349 | ||
| 245 | 1 | 0 | |a Mostra-me teu rosto: a camino da intimidade com Deus |
| 250 | |a 1a. ed | ||
| 300 | |a 326 p | ||
| 942 | |c BK | ||
| 945 | |d 20151204 12:43:00 |a gsalatino | ||
| 260 | |a Sao Paulo |b Ediciones Paulinas |c 1975 | ||
| 650 | 0 | |a Contemplación |9 317501 | |
| 650 | 0 | |a Vida cristiana |9 258753 | |
| 650 | 0 | |a Espiritualidad |9 267331 | |
| 583 | |a last modification |c 20151204 12:43:00 |k Rodrigo Vera | ||
| 999 | |c 362101 |d 362099 | ||
| 952 | |0 0 |1 0 |3 erb |4 0 |6 248_400000000000000_LAR_1975 |7 0 |8 A |9 472973 |a BIBTEO |b BIBTEO |i 5272572 |o 248.4 LAR 1975 |p 5272572 |r 2025-01-17 |w 2019-11-24 |y BK |z Catalogado en:20151204 |k ICR | ||